000 00553nam a2200145 4500
999 _c8449
_d8449
008 180207b xxu||||| |||| 00| 0 eng d
082 _aDPer 050 Dec 2015-Mar 2016 T48 v186-187
100 _926175
_aBaker, Aryn.
245 _aWhy Africans are still risking their lives to migrate to Europe/
_cAryn Baker and Addis Ababa.
260 _aNew York :
_bTime Inc.,
_c©Dec 2015-Mar 2016.
300 _av187 n1, pages10-11:
_billustrations;
_c27 cm.
650 0 _926177
_aTerrorism
_xIslamic.
700 _926176
_aAbaba, Addis.
_eAuthor.
942 _2ddc
_cPER